ARRUPE JESUIT UNIVERSITY

CORONAVIRUS -STOP THE SPREAD - CLEAN,DISINFECT,COVER
Normal view MARC view

Entry Corporate Name

Number of records used in: 1

001 - CONTROL NUMBER

  • control field: 25831

003 - CONTROL NUMBER IDENTIFIER

  • control field: ARRUPE

005 - DATE AND TIME OF LATEST TRANSACTION

  • control field: 20160914120126.0

008 - FIXED-LENGTH DATA ELEMENTS

  • fixed length control field: 160914|| aca||aabn | a|a d

040 ## - CATALOGING SOURCE

  • Original cataloging agency: ARRUPE
  • Transcribing agency: ARRUPE

110 ## - HEADING--CORPORATE NAME

  • Corporate name or jurisdiction name as entry element: Universität Frankfurt am Main.
  • Subordinate unit: Frobenius-Institut.

670 ## - SOURCE DATA FOUND

  • Source citation: Work cat.: (ARRUPE)0: Frobenius, Leo, 1873-1938. 25828, Kulturgeschichte Afrikas;, [c1933]

 

Arrupe Library. PO Box MP320 Mt Pleasant, Harare, Zimbabwe
263 242 745411|librarian@aju.ac.zw